Statistics for Name the Popes Quiz

Click here to take the quiz!

General Stats

  • This quiz has been taken 42,201 times
  • The average score is 18 of 81

Answer Stats

# Name % Correct
21John
96%
1Francis
93%
6Paul
88%
17Benedict
86%
2John Paul
84%
1Peter
80%
12Pius
68%
13Innocent
51%
13Leo
49%
8Urban
49%
1Mark
48%
16Gregory
46%
7Alexander
40%
14Clement
37%
9Stephen
35%
3Julius
31%
5Sixtus
28%
6Adrian
25%
8Boniface
25%
5Nicholas
24%
3Martin
23%
1Constantine
21%
3Victor
21%
1Linus
21%
3Callixtus
18%
3Lucius
18%
5Celestine
17%
3Sylvester
17%
4Honorius
16%
4Eugene
16%
3Felix
16%
2Marcellus
16%
2Theodore
16%
1Hilarius
14%
3Anastasius
14%
4Sergius
13%
1Zachary
13%
1Anacletus
13%
1Fabian
12%
1Hyginus
12%
2Damasus
12%
1Cornelius
12%
1Valentine
12%
1Lando
12%
2Paschal
11%
2Gelasius
11%
1Dionysius
11%
1Severinus
11%
1Marcellinus
10%
2Marinus
10%
1Soter
10%
1Formosus
10%
1Evaristus
10%
1Telesphorus
10%
1Caius
10%
2Pelagius
10%
2Agapetus
10%
1Pontian
10%
1Romanus
10%
1Zephyrinus
9%
2Adeodatus
9%
1Zosimus
9%
1Eleuterus
9%
1Agatho
9%
1Anicetus
9%
1Conon
9%
1Donus
9%
1Eusebius
9%
1Liberius
9%
1Hormisdas
8%
1Symmachus
8%
1Silverius
8%
1Miltiades
8%
1Sisinnius
8%
1Anterus
8%
1Vigilius
8%
1Vitalian
8%
1Simplicius
8%
1Sabinian
8%
1Eutychian
7%
1Siricius
7%

Score Distribution

Percentile by Number Answered

Percent of People with Each Score

Your Score History

You have not taken this quiz